| 000 | 00685nam a2200229 a 4500 | ||
|---|---|---|---|
| 001 | 13421 | ||
| 003 | BD-JhCC | ||
| 005 | 20230923131623.0 | ||
| 008 | 230917b2020 bg |||| ||a| 001 0 b d | ||
| 020 | _a9789843456476 | ||
| 035 | _a(BD-JhCC)13421 | ||
| 040 |
_aBD-JhCC _dBD-JhCC |
||
| 041 | _abengali | ||
| 082 | _bAMA 2020 | ||
| 100 | _aআমান, আবদুল আযীয আল | ||
| 245 |
_aঅনন্তের দিকে / _cআবদুল আযীয আল আমান। |
||
| 260 |
_aঢাকা: _bবইকেন্দ্র পাবলিকেশন; _c2020. |
||
| 300 |
_a128 p. : _c20 cm. |
||
| 650 | _aIslamic | ||
| 942 |
_2ddc _cBK |
||
| 999 |
_c13421 _d13421 |
||